Score 0/11 Timer 01:00
1 Play Today
Clue Answer % Correct
Central focus in hockeyPUCK
95%
A competition of speedRACE
91.9%
Device used to secure belongings, doors, etc.LOCK
91.8%
Genre of musicROCK
91.7%
Prepare for a trip; fill a suitcasePACK
90.2%
Lab rodentsMICE
90.2%
Defensive eye sprayMACE
89.2%
Need for a casino?LUCK
88.5%
You should walk this far in someone else's shoesMILE
87.2%
Medieval torture deviceRACK
82.8%
Donkey-horse hybridMULE
81.9%

Today's Daily Dose

Missing Word
Train Books

Word Ladder
Piano Man

Quick Pick
Google Products

Get the Picture
Moana or Coco

Remove Ads.
Support Sporcle.
Get the best of Sporcle when you Go Orange. This ad-free experience offers more features, more stats, and more fun while also helping to support Sporcle. Thank you for becoming a member.

You're not logged in!

Compare scores with friends on all Sporcle quizzes.
OR
Log In

Show Comments

Extras

Top Quizzes Today


Score Distribution

Your Account Isn't Verified!

In order to create a playlist on Sporcle, you need to verify the email address you used during registration. Go to your Sporcle Settings to finish the process.

Report this User

Report this user for behavior that violates our Community Guidelines.

Details: